| 000 | 01047cam a2200289 a 4500 | ||
|---|---|---|---|
| 001 | 000007311 | ||
| 003 | DO-SdBNP | ||
| 005 | 20251028141958.0 | ||
| 008 | 940118s1992 ck 000 0 spa c | ||
| 020 | _a9586120902 | ||
| 035 | _a(DLC) 94107014 | ||
| 040 |
_aDO-SdBNP _bspa _cBNPHU _dDLC |
||
| 049 | _aBNGR | ||
| 050 | 1 | 4 |
_aF2313 _b.C36 1992 |
| 082 |
_aNN _bC221n |
||
| 100 | 1 |
_aCané, Miguel, _d1851-1905. _920319 |
|
| 245 | 1 | 0 |
_aNotas de viaje sobre Venezuela y Colombia / _cMiguel Cané ; prólogo Santiago Mutis D. |
| 260 |
_aBogotá : _bComisión Quinto Centenario-Colombia ; _bInstituto Colombiano de Cultura, _cc1992. |
||
| 300 |
_a277 p. ; _c24 cm. |
||
| 490 | 1 |
_aBiblioteca V Centenario Colcultura. _aViajeros por Colombia |
|
| 651 | 0 |
_aVenezuela _xDescription and travel. _926230 |
|
| 651 | 4 |
_aColombia _xDescription and travel. _920321 |
|
| 700 | 1 |
_aMutis D., Santiago, _epról. _920322 |
|
| 830 | 0 |
_aBiblioteca V Centenario Colcultura, _pViajeros por Colombia _920309 |
|
| 910 | _aCatalogación por copia / LC | ||
| 942 |
_2ddc _cLBS1 |
||
| 999 |
_c7092 _d7092 |
||